| 000 | 01074cai a2200241 4500 | ||
|---|---|---|---|
| 001 | L136155 | ||
| 008 | 070115n 000 0 eng u | ||
| 035 | _a(Sirsi) u136155 | ||
| 041 | 0 | _aeng | |
| 110 | 2 |
_aInternational comparative legal guide _95711 |
|
| 245 | 0 | 0 |
_aInternational comparative legal guide series _h[electronic resource] |
| 505 | 2 | 0 | _aReal estate 2008 |
| 505 | 2 | 0 | _aCorporate recovery and insolvency 2008 -- International Arbitration |
| 520 | _aProvides current and practical comparative legal information on a range of practice areas including, property law, environmental law, mergers and acquisitions, and international arbitration. Guides follow a question and answer format to provide a comprehensive coverage of each topic within different legal systems world-wide. | ||
| 590 | _aKA | ||
| 651 | 4 | _aInternational | |
| 690 | _aPROPERTY | ||
| 690 | _aLAW | ||
| 690 | _aBUILT ENVIRONMENT | ||
| 690 | _aENVIRONMENTAL AND LAND CONSULTANCY | ||
| 856 | 4 | 0 |
_uhttps://www.iclg.co.uk/ _zView the website free of charge at www.iclg.co.uk/... |
| 942 | _n0 | ||
| 999 |
_c120557 _d120557 |
||